| 000 | 01371cam a22002058i 4500 | ||
|---|---|---|---|
| 005 | 20260623162212.0 | ||
| 020 | _a9781009460835 | ||
| 020 | _a9781009460842 | ||
| 082 | 0 | 0 |
_a297.272 095 5 _223/eng/20231213 |
| 100 | 1 |
_aKamrava, Mehran, _eauthor. _916900 |
|
| 245 | 1 | 0 |
_aHow Islam rules in Iran : _btheology and theocracy in the Islamic Republic / _cby Mehran Kamrava, Georgetown University, Doha. |
| 260 |
_a. - UK _b: Cambridge University Press _c, 2024 |
||
| 300 | _aix+354 pages | ||
| 504 | _aIncludes bibliographical references and index. | ||
| 505 | 0 | _a1. Introduction -- 2. The Setting -- 3. A Question of Jurisprudence -- 4. Social Protection and Guidance -- 5. Rethinking the Islamic Republic -- 6. Theorizing Islamic Democracy -- 7. Legitimate Authority -- 8. Khameneism and the Absolute Velayat-e Faqih -- 9. Whither the Islamic Republic? -- Appendix 1 -- Glossary -- Bibliography. | |
| 520 | _a"Focusing on the jurisprudential and ideological foundations of the Islamic Republic state, this book explores the relationship between Islam and politics in postrevolutionary Iran. It can be read at several levels, from informed observers and specialists to readers interested in Islamic studies, state-religion relations, and Shia jurisprudence"-- | ||
| 650 | 0 |
_aIslam and state _zIran _916901 |
|
| 650 | 0 |
_aIslam and politics _zIran _916902 |
|
| 942 |
_2ddc _cREF |
||
| 999 |
_c760982 _d760982 |
||